Countries Mentioned in Harry Potter Film Series - Statistics

General Stats
  • This quiz has been taken 41 times
    27 since last reset
  • The average score is 7 of 9
Answer Stats
Context Mentioned in Country % Correct
Where the whole series took place The Prisoner of Azkaban United Kingdom
100%
Their national team was playing a matchin the Quidditch World Cup The Goblet of Fire Ireland
91%
Their national team was playing a match in the Quidditch World Cup The Goblet of Fire Bulgaria
86%
Norbert, Rubeus Hagrid's dragon, was sent there The Philosopher's Stone, The Goblet of Fire Romania
86%
Part of a dragon species name from the first taskof the tournament The Goblet of Fire Sweden
86%
Part of Rubeus Hagrid's dragon species name The Philosopher's Stone Norway
82%
Part of a dragon species name from the first taskof the tournament The Goblet of Fire China
73%
Part of a dragon species name from the first taskof the tournament The Goblet of Fire Hungary
73%
Part of the Gringott Bank dragon species name The Deathly Hallows – Part 2 Ukraine
55%
No matching quizzes found
Score Distribution
Percent of People with Each Score
Percentile by Number Answered
Your Score History
You have not taken this quiz since the last reset